Rethinking ethnology and folkloristics (Record no. 9016)

MARC details
000 -LEADER
fixed length control field 00351nam a22001337a 4500
008 - FIXED-LENGTH DATA ELEMENTS--GENERAL INFORMATION
fixed length control field 220610b |||||||| |||| 00| 0 eng d
020 ## - INTERNATIONAL STANDARD BOOK NUMBER
International Standard Book Number 9985782186
082 ## - DEWEY DECIMAL CLASSIFICATION NUMBER
Classification number 398 RUN 2001
245 ## - TITLE STATEMENT
Title Rethinking ethnology and folkloristics
260 ## - PUBLICATION, DISTRIBUTION, ETC.
Place of publication, distribution, etc. Tartu :
Name of publisher, distributor, etc. Tartu NEFA Rühm,
Date of publication, distribution, etc. 2001.
300 ## - PHYSICAL DESCRIPTION
Extent 265 p.
Dimensions 21 cm.
700 ## - ADDED ENTRY--PERSONAL NAME
Personal name Runnel, Pille
942 ## - Added entry Elements (Koha)
Source of classification or shelving scheme Dewey Decimal Classification
Holdings
Withdrawn status Lost status Source of classification or shelving scheme Damaged status Not for loan Collection code Home library Current library Shelving location Date acquired Serial Enumeration / chronology Total Checkouts Full call number Barcode Date last seen Price effective from Koha item type
    Dewey Decimal Classification     Main TEST RTC Library RTC Library Main opac 10/06/2022 16454   398 RUN 2001 30015413 10/06/2022 10/06/2022 Main
Royal Thimphu College || All Right Reserved